[Event "Mecklenburg VP LL2 Ost 1718"]
[Site "Mecklenburg VP"]
[Date "2017.11.26"]
[Round "3.3"]
[White "Horch, Helmut"]
[Black "Herde, Dittmar"]
[Result "1/2-1/2"]
[WhiteElo "1733"]
[BlackElo "1803"]
[PlyCount "36"]
[EventDate "2017.10.08"]
[EventType "team-tourn"]
[EventRounds "9"]
[EventCountry "GER"]
[SourceTitle "EXT 2022"]
[Source "ChessBase"]
[SourceDate "2021.10.06"]
[SourceVersion "1"]
[SourceVersionDate "2021.10.06"]
[SourceQuality "1"]
[WhiteTeam "Binz Therme Ruegen"]
[BlackTeam "Rostock SSC 07 II"]
[WhiteTeamCountry "GER"]
[BlackTeamCountry "GER"]

1. d4 d5 2. Nf3 Nf6 3. e3 Bg4 4. Be2 e6 5. Nbd2 Bd6 6. 0-0 Nbd7 7. c4 c6 8. b3 0-0 9. Bb2 Qb8 10. h3 Bh5 11. Nh4 Bxe2 12. Qxe2 e5 13. Nf5 exd4 14. Bxd4 Re8 15. cxd5 cxd5 16. Rac1 Be5 17. Nf3 Bxd4 18. N3xd4 g6 1/2-1/2

[Event "Mecklenburg VP LL2 West 1314"]
[Site "Mecklenburg VP"]
[Date "2014.02.23"]
[Round "6.4"]
[White "Krischewski, Peter"]
[Black "Herde, Dittmar"]
[Result "0-1"]
[WhiteElo "1414"]
[BlackElo "1807"]
[PlyCount "55"]
[EventDate "2013.10.27"]
[EventType "team-tourn"]
[EventRounds "9"]
[EventCountry "GER"]
[SourceTitle "EXT 2022"]
[Source "ChessBase"]
[SourceDate "2021.10.06"]
[SourceVersion "1"]
[SourceVersionDate "2021.10.06"]
[SourceQuality "1"]
[WhiteTeam "Wismar ASV Gruen-Weiss II"]
[BlackTeam "Rostock SSC 07 III"]
[WhiteTeamCountry "GER"]
[BlackTeamCountry "GER"]

1. e4 c5 2. Nc3 d6 3. Nf3 Nf6 4. d4 cxd4 5. Nxd4 g6 6. Bb5+ Bd7 7. Bxd7+ Qxd7 8. Qd3 Bg7 9. Qb5 Nc6 10. Nxc6 bxc6 11. Qa6 0-0 12. 0-0 Rfb8 13. Qd3 Rb7 14. Re1 Qc7 15. b3 Ng4 16. h3 Ne5 17. Qg3 Qa5 18. Bd2 c5 19. Nb1 Qb6 20. Bc3 c4 21. bxc4 Nxc4 22. Bxg7 Kxg7 23. Qc3+ Ne5 24. Nd2 Rc7 25. Qb3 Qc6 26. Rac1 Rac8 27. Qb2 Kg8 28. Nb3 0-1

[Event "Mecklenburg VP LL2 West 1314"]
[Site "Mecklenburg VP"]
[Date "2013.12.15"]
[Round "4.4"]
[White "Herde, Dittmar"]
[Black "Schulz, Gerhard1111"]
[Result "1-0"]
[WhiteElo "1807"]
[BlackElo "1679"]
[PlyCount "63"]
[EventDate "2013.10.27"]
[EventType "team-tourn"]
[EventRounds "9"]
[EventCountry "GER"]
[SourceTitle "EXT 2022"]
[Source "ChessBase"]
[SourceDate "2021.10.06"]
[SourceVersion "1"]
[SourceVersionDate "2021.10.06"]
[SourceQuality "1"]
[WhiteTeam "Rostock SSC 07 III"]
[BlackTeam "Ludwigslust Post SV II"]
[WhiteTeamCountry "GER"]
[BlackTeamCountry "GER"]

1. d4 d5 2. c4 e6 3. Nc3 c6 4. Nf3 Nf6 5. Bg5 Be7 6. e3 Nbd7 7. a3 a5 8. Bd3 0-0 9. 0-0 dxc4 10. Bxc4 Nd5 11. Bxe7 Qxe7 12. e4 Nxc3 13. bxc3 e5 14. d5 cxd5 15. Bxd5 Nf6 16. Re1 Bg4 17. c4 Rad8 18. Qb3 Bxf3 19. Qxf3 b6 20. Rab1 Rd6 21. Rb5 Qc7 22. Qe3 Nd7 23. g3 Nc5 24. f4 exf4 25. gxf4 Rg6+ 26. Kh1 Rf6 27. e5 Rf5 28. Rb2 Rb8 29. Qg3 Ne6 30. Rf1 Qc5 31. Rg2 g6 32. Qg4 1-0

[Event "Mecklenburg VP LL2 West 1213"]
[Site "Mecklenburg VP"]
[Date "2012.10.14"]
[Round "1.3"]
[White "Herde, Dittmar"]
[Black "Gipp, Thomas"]
[Result "1/2-1/2"]
[WhiteElo "1823"]
[BlackElo "1868"]
[PlyCount "57"]
[EventDate "2012.10.14"]
[EventType "team-tourn"]
[EventRounds "9"]
[EventCountry "GER"]
[SourceTitle "EXT 2022"]
[Source "ChessBase"]
[SourceDate "2021.10.06"]
[SourceVersion "1"]
[SourceVersionDate "2021.10.06"]
[SourceQuality "1"]
[WhiteTeam "Rostock SSC 07 III"]
[BlackTeam "Kuehlungsborn SV Empor"]
[WhiteTeamCountry "GER"]
[BlackTeamCountry "GER"]

1. d4 Nf6 2. c4 g6 3. Nc3 Bg7 4. e4 d6 5. f3 0-0 6. Bg5 h6 7. Be3 Nc6 8. Qd2 Kh7 9. g4 e5 10. d5 Ne7 11. g5 Nfg8 12. gxh6 Bxh6 13. h4 f5 14. Bxh6 Nxh6 15. Nh3 Nf7 16. h5 f4 17. hxg6+ Kxg6 18. Rg1+ Kf6 19. Nxf4 Rh8 20. Qg2 Qf8 21. Ng6 Nxg6 22. Qxg6+ Ke7 23. 0-0-0 a6 24. Be2 Bd7 25. Rdf1 Rh6 26. Qg7 Qxg7 27. Rxg7 Rh4 28. Rfg1 Rah8 29. b4 1/2-1/2

[Event "Mecklenburg VP LL2 Ost 1112"]
[Site "Mecklenburg VP"]
[Date "2012.02.26"]
[Round "6.4"]
[White "Henselin, Frank"]
[Black "Herde, Dittmar"]
[Result "0-1"]
[WhiteElo "1607"]
[BlackElo "1820"]
[PlyCount "86"]
[EventDate "2011.10.02"]
[EventType "team-tourn"]
[EventRounds "9"]
[EventCountry "GER"]
[SourceTitle "EXT 2022"]
[Source "ChessBase"]
[SourceDate "2021.10.06"]
[SourceVersion "1"]
[SourceVersionDate "2021.10.06"]
[SourceQuality "1"]
[WhiteTeam "Torgelow Droegeheide II"]
[BlackTeam "Rostock SSC 07 III"]
[WhiteTeamCountry "GER"]
[BlackTeamCountry "GER"]

1. e4 c5 2. Nf3 d6 3. d4 cxd4 4. Nxd4 Nf6 5. Nc3 g6 6. Be3 Bg7 7. f3 Nc6 8. Bc4 Bd7 9. Qd2 a5 10. g4 Ne5 11. Be2 Rc8 12. 0-0-0 a4 13. Nd5 Nxd5 14. exd5 Nc4 15. Bxc4 Rxc4 16. Qe2 Qc7 17. h4 h5 18. gxh5 Rxh5 19. Bg5 Rxg5 20. hxg5 Rxd4 21. Rxd4 Bxd4 22. Qh2 Bf5 23. Re1 a3 24. Qe2 Bxb2+ 25. Kb1 e5 26. dxe6 Bxe6 27. Qb5+ Ke7 28. Re4 Qc6 29. Qb4 Kf8 30. Qa5 Qd5 31. Qxd5 Bxd5 32. Re3 Bc6 33. c3 Kg7 34. Kc2 Bd5 35. Rd3 Bxa2 36. Rxd6 Bc4 37. f4 b5 38. Rd8 Be6 39. Rb8 Bf5+ 40. Kb3 Bd3 41. Rc8 Bc1 42. Ra8 Bxf4 43. Rxa3 Bxg5 0-1

[Event "Mecklenburg VP LL2 Ost 1011"]
[Site "Mecklenburg VP"]
[Date "2010.12.12"]
[Round "4.1"]
[White "Dettmann, Gerd"]
[Black "Herde, Dittmar"]
[Result "1-0"]
[WhiteElo "2028"]
[BlackElo "1824"]
[PlyCount "29"]
[EventDate "2010.10.10"]
[EventType "team-tourn"]
[EventRounds "9"]
[EventCountry "GER"]
[SourceTitle "EXT 2022"]
[Source "ChessBase"]
[SourceDate "2021.10.06"]
[SourceVersion "1"]
[SourceVersionDate "2021.10.06"]
[SourceQuality "1"]
[WhiteTeam "Guestrow/Teterow"]
[BlackTeam "Rostock SSC 07 III"]
[WhiteTeamCountry "GER"]
[BlackTeamCountry "GER"]

1. e4 c5 2. Nf3 d6 3. Nc3 Nf6 4. d4 cxd4 5. Nxd4 g6 6. Be3 Bg7 7. f3 Nc6 8. Qd2 Bd7 9. g4 a5 10. h4 h5 11. g5 Nh7 12. 0-0-0 Nf8 13. f4 Ne6 14. Ndb5 Nf8 15. Nd5 1-0

[Event "Mecklenburg VP LL2 Ost 1011"]
[Site "Mecklenburg VP"]
[Date "2010.10.24"]
[Round "2.5"]
[White "Claus, Jens"]
[Black "Herde, Dittmar"]
[Result "1-0"]
[WhiteElo "1595"]
[BlackElo "1824"]
[PlyCount "69"]
[EventDate "2010.10.10"]
[EventType "team-tourn"]
[EventRounds "9"]
[EventCountry "GER"]
[SourceTitle "EXT 2022"]
[Source "ChessBase"]
[SourceDate "2021.10.06"]
[SourceVersion "1"]
[SourceVersionDate "2021.10.06"]
[SourceQuality "1"]
[WhiteTeam "Ribnitz Damgarten"]
[BlackTeam "Rostock SSC 07 III"]
[WhiteTeamCountry "GER"]
[BlackTeamCountry "GER"]

1. d4 d5 2. c4 Nf6 3. cxd5 Qxd5 4. Nc3 Qa5 5. Qc2 e6 6. Bd2 c6 7. Ne4 Qd8 8. Nxf6+ Qxf6 9. Nf3 Bd6 10. 0-0-0 0-0 11. e4 e5 12. dxe5 Bxe5 13. Bg5 Bf4+ 14. Bxf4 Qxf4+ 15. Kb1 Bg4 16. Be2 a5 17. h3 Be6 18. g3 Qc7 19. Ng5 Re8 20. Nxe6 Rxe6 21. Bg4 Re7 22. f4 Na6 23. a3 b5 24. e5 b4 25. a4 c5 26. Qc4 b3 27. Rd5 g6 28. Rhd1 Qb7 29. Rd7 Rxd7 30. Rxd7 Qh1+ 31. Bd1 Rf8 32. Qxa6 Qe4+ 33. Qd3 Qxa4 34. Bxb3 Qb4 35. Qc4 1-0

[Event "Mecklenburg VP LL2 Ost 0910"]
[Site "Mecklenburg VP"]
[Date "2010.01.24"]
[Round "5.1"]
[White "Dettmann, Gerd"]
[Black "Herde, Dittmar"]
[Result "1-0"]
[WhiteElo "2095"]
[BlackElo "1798"]
[PlyCount "47"]
[EventDate "2009.10.18"]
[EventType "team-tourn"]
[EventRounds "9"]
[EventCountry "GER"]
[SourceTitle "EXT 2016"]
[Source "ChessBase"]
[SourceDate "2015.10.08"]
[SourceVersion "1"]
[SourceVersionDate "2015.10.08"]
[SourceQuality "1"]
[WhiteTeam "Guestrow/Teterow"]
[BlackTeam "Rostock SSC 07 III"]
[WhiteTeamCountry "GER"]
[BlackTeamCountry "GER"]

1. e4 c5 2. Nf3 d6 3. d4 cxd4 4. Nxd4 Nf6 5. Nc3 g6 6. Be3 Bg7 7. f3 Nc6 8. Qd2 0-0 9. Bc4 Bd7 10. 0-0-0 Rc8 11. Bb3 Ne5 12. g4 a5 13. h4 h5 14. Bh6 Rxc3 15. Bxg7 Rxc2+ 16. Bxc2 Kxg7 17. g5 Ne8 18. f4 Ng4 19. f5 Qb6 20. Rhf1 Ne5 21. Nf3 Bb5 22. Nxe5 dxe5 23. Rf3 Nd6 24. f6+ 1-0

[Event "Mecklenburg VP LL 0809"]
[Site "Mecklenburg VP"]
[Date "2008.10.05"]
[Round "1.6"]
[White "Oldach, Ehrenfried"]
[Black "Herde, Dittmar"]
[Result "1/2-1/2"]
[WhiteElo "1912"]
[BlackElo "1816"]
[PlyCount "26"]
[EventDate "2008.10.05"]
[EventType "team-tourn"]
[EventRounds "9"]
[EventCountry "GER"]
[SourceTitle "EXT 2022"]
[Source "ChessBase"]
[SourceDate "2021.10.06"]
[SourceVersion "1"]
[SourceVersionDate "2021.10.06"]
[SourceQuality "1"]
[WhiteTeam "Warnemuende SF Ostsee"]
[BlackTeam "Rostock SSC 07 II"]
[WhiteTeamCountry "GER"]
[BlackTeamCountry "GER"]

1. e4 c5 2. Nf3 d6 3. d4 cxd4 4. Nxd4 Nf6 5. Nc3 g6 6. f4 Nc6 7. Nxc6 bxc6 8. e5 Nd7 9. exd6 exd6 10. Bc4 d5 11. Qd4 Qf6 12. Qxf6 Nxf6 13. Be2 Bf5 1/2-1/2